| 000 | 00616nam a2200217 a 4500 | ||
|---|---|---|---|
| 999 |
_c3125 _d3125 |
||
| 001 | 3125 | ||
| 003 | BD-JhCC | ||
| 005 | 20171111092441.0 | ||
| 008 | 171111s1970 bg a|||| ||a| 000 0 ben d | ||
| 035 | _a(BD-JhCC)3125 | ||
| 040 |
_aBD-JhCC _dBD-JhCC |
||
| 041 | _aben | ||
| 082 |
_a891.442 _bKHA 1970 |
||
| 100 | _aখাতুন, হালিমা | ||
| 245 |
_aহরিণের চশমা / _cহালিমা খাতুন, |
||
| 260 |
_aঢাকা : _bবাংলা একাডেমী, _c1970 |
||
| 300 |
_a86 p. : _c20 cm. |
||
| 650 | _aBengali Drama | ||
| 942 |
_2ddc _cBK |
||